Top 20 des pays producteurs de citrouilles - Statistiques

Statistiques générales
  • Ce quiz a été pris 426 fois
  • Le résultat moyen est 13 sur 20
Statistiques - réponses
Réponse Production en tonnes % Correct
États-Unis 683 038
99%
Chine 8 186 651
94%
Russie 1 189 539
92%
Inde 5 569 809
88%
Mexique 776 073
86%
Espagne 717 645
83%
Italie 596 397
79%
Argentine 267 450
75%
Indonésie 454 001
68%
Turquie 616 777
68%
Ukraine 1 338 000
67%
Algérie 388 875
64%
Pakistan 266 137
62%
Afrique du Sud 266 746
59%
Égypte 477 283
59%
Corée du Sud 321 591
52%
Bangladesh 303 073
45%
Philippines 281 460
43%
Cuba 452 264
25%
Malawi 480 233
3%
Aucun quiz correspondant
Distribution des résultats
% des personnes avec chaque résultat
Percentile par nombre de réponses
Votre historique - résultats
Vous n’avez pas pris ce quiz